Pays - Continent / Mort subite en 45" - Statistiques

Statistiques générales
  • Ce quiz a été pris 4 519 fois
  • Le résultat moyen est 10 sur 16
Answers on the Grid
Answers color-coded by a green-red scale on the quiz's grid according to % correct below.
Belize - Afrique
Bouthan - Asie
Brunéi - Afrique
Burundi - Afrique
Cap-Vert - Afrique
Chypre - Asie
Croatie - Europe
Djibouti - Asie
Islande - Europe
Israël - Asie
Kazakhstan - Europe
Kosovo - Asie
Libéria - Amérique du Sud
Lituanie - Asie
Maldives - Asie
Malte - Afrique
Maurice - Afrique
Mexique - Amérique du Nord
Moldavie - Europe
Myanmar - Asie
Nauru - Océanie
Papouasie-Nouvelle-Guinée - Océanie
Philippines - Océanie
Qatar - Afrique
Seychelles - Afrique
Timor-Leste - Océanie
Zambie - Afrique
 
Statistiques - réponses
Réponse % Correct
Croatie - Europe
86%
Cap-Vert - Afrique
82%
Islande - Europe
77%
Bouthan - Asie
72%
Moldavie - Europe
72%
Burundi - Afrique
71%
Israël - Asie
69%
Maurice - Afrique
62%
Mexique - Amérique du Nord
61%
Papouasie-Nouvelle-Guinée - Océanie
59%
Zambie - Afrique
56%
Nauru - Océanie
55%
Myanmar - Asie
52%
Seychelles - Afrique
51%
Maldives - Asie
49%
Chypre - Asie
45%
Aucun quiz correspondant
Distribution des résultats
% des personnes avec chaque résultat
Percentile par nombre de réponses
Votre historique - résultats
Vous n’avez pas pris ce quiz